Is there a case for a tendering statute? (Record no. 62510)

MARC details
000 -LEADER
fixed length control field 00751cam a2200205 4500
001 - CONTROL NUMBER
control field ABS61883
008 - FIXED-LENGTH DATA ELEMENTS--GENERAL INFORMATION
fixed length control field 000000n2000 000 0 eng u
035 ## - SYSTEM CONTROL NUMBER
System control number (Sirsi) u104150
100 ## - MAIN ENTRY--PERSONAL NAME
Personal name Klein, R.
245 ## - TITLE STATEMENT
Title Is there a case for a tendering statute?
260 ## - PUBLICATION, DISTRIBUTION, ETC.
Date of publication, distribution, etc. 2000
490 ## - SERIES STATEMENT
Series statement Construction News
Volume/sequential designation (6650)27 January 2000, 23(1)
520 ## - SUMMARY, ETC.
Summary, etc. Following the decision in "Harmon CFEM Facades (UK) v Corporate Officer of House of Commons" argues for tendering legislation to improve efficiency and reduce costs
590 ## - LOCAL NOTE (RLIN)
Local note ABS
650 ## - SUBJECT ADDED ENTRY--TOPICAL TERM
Topical term or geographic name entry element HARMON CFEM FACADES (UK) V CORPORATE OFFICER OF THE HOUSE OF COMMONS
650 ## - SUBJECT ADDED ENTRY--TOPICAL TERM
Topical term or geographic name entry element TENDERING
650 ## - SUBJECT ADDED ENTRY--TOPICAL TERM
Topical term or geographic name entry element BLACKPOOL FYLDE AERO CLUB V BLACKPOOL BC
690 ## - LOCAL SUBJECT ADDED ENTRY--TOPICAL TERM (OCLC, RLIN)
Topical term or geographic name as entry element Procurement
9 (RLIN) 6260
942 ## - ADDED ENTRY ELEMENTS (KOHA)
Suppress in OPAC 0
Holdings
Withdrawn status Lost status Source of classification or shelving scheme Damaged status Not for loan Home library Current library Shelving location Date acquired Total Checkouts Full call number Barcode Date last seen Copy number Price effective from Koha item type
    Dewey Decimal Classification     London London Journal article 14/02/2000   ABS61883 104150-1001 06/08/2019 1 06/08/2019 Journal article